000 00586nam a22001937a 4500
003 CEME
005 20210628210155.0
008 210215b xxu||||| |||| 00| 0 eng d
020 _a0-87201-542-4
040 _c.
082 _a620.106 ENC
100 _aCheremisinoff, Nicholas. P
_92953
245 _aEncyclopedia of fluid mechanics aerodynamics and compressible flows
250 _a VOL-8
260 _aLONDON
_bGULF PUBLISHING
_c1999
300 _a1218P
650 _aFLUID MEHANICS DICTIONARIES COMPRESSIBLE FLOWS FLOWS-AERODYNAMICS AND COMPRESSIBLE
_978380
942 _cBK
_2ddc
999 _c583510
_d583510